| 000 | 01112pam a2200289 i 4500 | ||
|---|---|---|---|
| 001 | 2754883 | ||
| 003 | EG-ScBUE | ||
| 005 | 20250218092447.0 | ||
| 008 | 791107t1981 nyua f b 001 0 eng d | ||
| 020 | _a0442253699 | ||
| 040 |
_aEG-ScBUE _beng _erda _cEG-ScBUE _dEG-ScBUE |
||
| 082 | 0 | 4 |
_a526.9 _bMIK _222 |
| 100 | 1 |
_aMikhail, Edward M., _96913 _eauthor. |
|
| 245 | 1 | 0 |
_aAnalysis and adjustment of survey measurements / _cEdward M. Mikhail, School of Civil Engineering, Purdue University, West Lafayette, Indiana, Gordon Gracie, Erindale College, University of Toronto, Mississauge, Ontario. |
| 264 | 1 |
_aNew York, N.Y. ; _aCanada : _bVan Nostrand Reinhold Company, _c[1981] |
|
| 264 | 4 | _cc1981. | |
| 300 |
_axii, 340 pages : _billustrations ; _c24 cm |
||
| 336 |
_2rdacontent _atext _btxt |
||
| 337 |
_aunmediated _2rdamedia _bn |
||
| 338 |
_avolume _bnc _2rdacarrier |
||
| 504 | _aIncludes bibliographical references and index. | ||
| 650 | 7 |
_aSurveying. _96914 _2BUEsh |
|
| 650 | 7 |
_aMeasurement. _96915 _2BUEsh |
|
| 655 | _vReading book | ||
| 700 | 1 |
_aGracie, Gordon, _d1930- _eauthor. _96916 |
|
| 942 |
_2ddc _cBB |
||
| 999 |
_c12028 _d12028 |
||